|
|
|
|
| LEADER |
01360nim a2200313 a 4500 |
| 001 |
16082640 |
| 008 |
100203s2009 xx nnn| j | eng d |
| 010 |
|
|
|a 2010616809
|
| 020 |
|
|
|a 9780136005148
|
| 020 |
|
|
|a 0136005144
|
| 040 |
|
|
|a DLC
|c DLC
|d BD-DhAAL
|
| 082 |
0 |
0 |
|a 428.0076
|2 22
|
| 100 |
1 |
|
|a Kisslinger, Ellen.
|
| 245 |
1 |
0 |
|a Contemporary topics 2.
|p CD 1, Units 1-4
|h [sound recording] :
|b academic listening and note-taking skills /
|c Ellen Kisslinger ; series editor, Michael Rost.
|
| 246 |
3 |
0 |
|a Academic listening and note-taking skills
|
| 250 |
|
|
|a 3rd ed.
|
| 260 |
|
|
|a S.l. :
|b Pearson Longman,
|c p2009.
|
| 300 |
|
|
|a 3 sound discs :
|b digital ;
|c 4 3/4 in.
|
| 490 |
0 |
|
|a Contemporary topics series
|
| 500 |
|
|
|a Compact discs.
|
| 521 |
8 |
|
|a High intermediate English.
|
| 520 |
|
|
|a Features college lectures from several academic disciplines, including architecture, media studies, and culinary arts.
|
| 541 |
|
|
|a 26894
|
| 650 |
|
0 |
|a Note-taking.
|
| 650 |
|
0 |
|a English language
|x Spoken English
|v Problems, exercises, etc.
|
| 700 |
1 |
|
|a Rost, Michael.
|
| 852 |
1 |
|
|a Ayesha Abed Library
|c General shelf.
|
| 999 |
|
|
|c 13425
|d 13425
|
| 952 |
|
|
|0 0
|1 0
|2 ddc
|4 0
|6 428_007600000000000_KIS
|7 0
|9 22363
|a BRACUL
|b BRACUL
|c AV
|d 2012-04-22
|e STS International
|g 917.00
|l 0
|o 428.0076 KIS
|p 4010026894
|r 2013-05-16
|t 1
|w 2012-04-22
|y AV
|x Transferred from BIL to BRACUL on 06/06/22
|